000 00916cam a22002531i 4500
003 SA-RiAUC
005 20250519044339.0
008 250511s2008 sy g 000 0 ara c
040 _aSA-JeALM
_bara
_cSA-RiAUC.
_erda
082 0 4 _a303.482
_qSA-RiAUC
090 _a303.482
_bغ ل ي
100 1 _aغليون، برهان،
_d1945-
_eمؤلف.
245 1 0 _aثقافة العولمة وعولمة الثقافة /
_cبرهان غليون، سمير أمين.
250 _aالطبعة الثانية.
264 1 _aدمشق :
_bدار الفكر،
_c2000
300 _a240 صفحة ؛
_c22 سم
336 _aنص
_btxt
_2rdacontent
_3كتاب
337 _aبدون وسيط
_bn
_2rdamedia
338 _aمجلد
_bnc
_2rdacarrier
650 7 _aالثقافة والعولمة
_2aucsh
700 1 _aأمين، سمير،
_d1931-2018
_eمؤلف.
942 _2ddc
_cBOOK
_n0
949 _aSA-JeALM
_d250511
_uosman123
_n1
999 _c8040
_d8040